000 00734nab a2200229u 4500
001 12033
003 HDC
007 c| |||a|c|aaaa
008 210208b99990402io ||||o |||| 00| 0 may d
040 _aHDC
245 0 _aIndia sees big potential in bovine meat export to Indonesia
336 _atext
_2rdacontent
337 _acomputer
_2rdamedia
338 _aonline resource
_2rdacarrier
650 _aBovine meat
_92355
650 _ameat processing
_96291
710 _aSanAntonioIndian.net
856 _zRequest full-text at [email protected]
942 _2lcc
942 _cNEWS
942 _kNWS0 000969
999 _c9356
_d9356